Fe, esperanza y caridad / (Record no. 54286)

MARC details
000 -LEADER
campo de control de longitud fija 00570nam a2200193 i 4500
001 - NÚMERO DE CONTROL
campo de control 54286
003 - IDENTIFICADOR DE NÚMERO DE CONTROL
campo de control ES-MaACL
005 - FECHA Y HORA DE LA ÚLTIMA TRANSACCIÓN
campo de control 20250913063051.0
007 - CAMPO FIJO DE DESCRIPCIÓN FÍSICA--INFORMACIÓN GENERAL
campo de control de longitud fija t|
008 - DATOS DE LONGITUD FIJA--INFORMACIÓN GENERAL
campo de control de longitud fija 960722m18511852sp a ||||1| spa d
100 0# - ENTRADA PRINCIPAL--NOMBRE DE PERSONA
Nombre de persona Flores, Antonio,
Fechas asociadas al nombre 1818-1865
9 (RLIN) 51252
245 10 - MENCIÓN DEL TÍTULO
Título Fe, esperanza y caridad /
Mención de responsabilidad, etc. por Antonio Flores.
250 ## - MENCION DE EDICION
Mención de edición 3ª ed.
260 ## - PUBLICACIÓN, DISTRIBUCIÓN, ETC.
Lugar de publicación, distribución, etc. Madrid :
Nombre del editor, distribuidor, etc. [s.n.],
Fecha de publicación, distribución, etc. 1851-1852.
300 ## - DESCRIPCIÓN FÍSICA
Extensión 3 v., [3] h. de lám. ;
Dimensiones 26 cm.
500 ## - NOTA GENERAL
Nota general El t. I. no tiene port., datos tomados del t. II.
852 ## - LOCALIZACIÓN
Ubicación ES-MaACL
Número de control de estantería G-14761-63
Holdings
Estatus retirado Estado de pérdida Estado de daño No para préstamo Colección Biblioteca de origen Biblioteca actual Ubicación en estantería Fecha de adquisición Fuente de adquisición Total de préstamos Signatura topográfica completa Código de barras Visto por última vez Precio de reemplazo Tipo de ítem Koha
        Libros del s. XIX Biblioteca del Ateneo de Madrid Biblioteca del Ateneo de Madrid Sala Pecera Planta 3 17/01/2008     G-14761-63 1057047 23/02/2023 23/02/2023 Libro impreso antiguo